00267nam a2200109Ia 4500008004100000100002200041245003900063260001800102650001300120942000700133999001700140190216s9999||||xx |||||||||||||| ||und|| aEms Namboodiripad 0aKeralam Malayalikalude Mathrbhoomi bCurrent Books aLekhanam cBK c23717d23717